000
00286nam a22001097a 4500
008
170110b xxu||||| |||| 00| 0 eng d
020
_a
9781582550725
041
_a
eng
080
_2
5TH
_a
618.2
245
_a
NURSING DIAGNOSIS REFERENCE MANUAL
_c
SPARKS, SH.M & TAYLOR, C.M
942
_2
udc
_c
BK
999
_c
2671
_d
2671